000 00755nam a2200265 a 4500
003 AR-BaBNM
005 20251128210210.0
008 082120s2002 ||||||||||||||000 | spa||
020 _a84-7884-186-5
040 _cAR-BaBNM
100 1 _aOrlick, Terry
245 0 0 _aJuegos y deportes cooperativos
_bdesafios divertidos sin competición
260 _aMadrid
_bPopular
_c1997
300 _a157 p.
_bil.
490 0 _aExperiencias pedagógicas
_vv. 2
500 _aContiene lecturas recomendadas p. 143-146
650 4 _aJUEGOS EDUCATIVOS
650 4 _aACTIVIDADES DEPORTIVAS
650 4 _aCOOPERACION
653 _aEDUCACION EN VALORES
653 _aTEMAS TRANSVERSALES
653 _aESTRATEGIAS EDUCATIVAS
942 _cBK
998 _cRaquel
999 _c14473
_d14473